000 00532nam a2200181 i 4500
001 94736
003 ES-MaACL
005 20230906181538.0
007 t|
008 050512s1901 sp ||||1| spa d
100 1 _aLubelza, Joaquín.
_974496
245 1 0 _aApuntes de mecánica fundamental sintética /
_cJoaquín Lubelza.
260 _aMadrid :
_b[s. n.],
_c1901 (
_fE. Teodoro)
500 _aPublicado en la Revista Minera.
852 _aES-MaACL
_jT-1003-F-3
852 _aES-MaACL
_jT-1003-F-4
852 _aES-MaACL
_jT-1018-F-4
999 _c94736
_d94736